Expresssions imagées de la langue française avec les fruits - Statistiques

Statistiques générales
  • Ce quiz a été pris 723 fois
  • Le résultat moyen est 14 sur 20
Statistiques - réponses
Expression Fruit % Correct
la ... sur le gâteau cerise
98%
glisser sur une peau de banane
97%
presser quelqu'un comme un citron
97%
être en forme : avoir la ... peche
96%
tomber dans les pommes
96%
prendre un PV, une ... prune
95%
en voir des vertes et des pas ... mures
94%
ramener sa fraise
92%
tenir à quelqu'un, comme à la ... de ses yeux prunelle
87%
mi-figue, mi... raisin
84%
chapeau melon
83%
prendre quelqu'un de naïf pour une poire
82%
avoir les yeux en amande
75%
gros comme une pasteque
63%
apporter des ... à quelqu'un en prison oranges
62%
avoir les jambes en compote
50%
travailler gratuitement, pour des ... prunes
42%
cela n'a aucune valeur, ça ne vaut pas une ... cacahuete
22%
recevoir un coup : une chataigne
21%
jaune comme un coing
13%
Aucun quiz correspondant
Distribution des résultats
% des personnes avec chaque résultat
Percentile par nombre de réponses
Votre historique - résultats
Vous n’avez pas pris ce quiz